Francouzský obchod a investice ve střední a východní Evropě

Francúzske investície v zahraničí a zahraničné investície vo Francúzsku. Obchodné vzťahy vo svete. Francúzske investície v strednej a východnej Európe. Inštitucionálne zmeny pre šírenie francúzskej prítomnosti v zahraničí.

Na minha lista:
Detalhes bibliográficos
Autor principal: Tulmets, Elsa
Formato: Capítulo de Livro
Idioma:tcheco
Assuntos:
Tags: Adicionar Tag
Sem tags, seja o primeiro a adicionar uma tag!

MARC

LEADER 00000naa$a2200000$$$4500
001 0059599
005 20231016092855.9
041 0 |a cze 
044 |a CZ 
245 1 0 |a Francouzský obchod a investice ve střední a východní Evropě  |c Elsa Tulmets 
520 |a Francúzske investície v zahraničí a zahraničné investície vo Francúzsku. Obchodné vzťahy vo svete. Francúzske investície v strednej a východnej Európe. Inštitucionálne zmeny pre šírenie francúzskej prítomnosti v zahraničí. 
610 2 0 |a obchod zahraničný 
610 2 0 |a obchod svetový 
610 2 0 |a dovoz 
610 2 0 |a vývoz 
610 2 0 |a investície zahraničné 
610 2 0 |a trh 
610 2 0 |a spolupráca hospodárska medzinárodná 
610 2 0 |a Francúzsko 
610 2 0 |a Európa 
100 1 |a Tulmets, Elsa